Brick and reinforced brick structures / (Record no. 2704)
[ view plain ]
| 000 -LEADER | |
|---|---|
| fixed length control field | 00404cam a2200157ua 4500 |
| 041 ## - LANGUAGE CODE | |
| Language code of text/sound track or separate title | eng |
| 082 ## - DEWEY DECIMAL CLASSIFICATION NUMBER | |
| Classification number | 693.21 |
| Item number | DAY/BR |
| 100 ## - MAIN ENTRY--AUTHOR NAME | |
| Personal name | Dayaratnam, P . |
| 245 ## - TITLE STATEMENT | |
| Title | Brick and reinforced brick structures / |
| 250 ## - EDITION STATEMENT | |
| Edition statement | 1 / |
| 260 ## - PUBLICATION, DISTRIBUTION, ETC. (IMPRINT) | |
| Place of publication | Newdelhi : |
| Name of publisher | Oxford & IBH pub Pvt.LTD , |
| Year of publication | 1987. |
| 300 ## - PHYSICAL DESCRIPTION | |
| Number of Pages | 180 ; . |
| 942 ## - ADDED ENTRY ELEMENTS (KOHA) | |
| Koha item type | Books |
| Withdrawn status | Lost status | Damaged status | Home library | Current library | Date acquired | Full call number | Accession Number | Koha item type |
|---|---|---|---|---|---|---|---|---|
| KAUAET | KAUAET | 07/04/2012 | 693.21 | 18904 | Books |
